Statistics for History of Rap, Part III

Click here to take the quiz!

General Stats

  • This quiz has been taken 495 times
  • The average score is 11 of 18

Answer Stats

Hint Answer % Correct
Ms. JacksonOutkast
88%
Gangsta's ParadiseCoolio
88%
Drop It Like It's HotSnoop Dogg
86%
It Was a Good DayIce Cube
84%
Mama Said Knock You OutLL Cool J
79%
StrongerKanye West
75%
Super BassNicki Minaj
74%
Baby Got BackSir Mix-a-Lot
67%
SabotageBeastie Boys
64%
Jump AroundHouse of Pain
64%
Killing Me SoftlyThe Fugees
64%
King of RockRun-DMC
54%
Me, Myself and IDe La Soul
42%
Parents Just Don't UnderstandDJ Jazzy Jeff and the Fresh Prince
42%
Hip Hop HoorayNaughty by Nature
41%
I Just Wanna Love You (Give It 2 Me)Jay-Z
32%
Bust a MoveYoung MC
31%
SupersonicJJ Fad
13%

Score Distribution

Percentile by Number Answered

Percent of People with Each Score

Your Score History

You have not taken this quiz